Southville International School and Colleges
Your cart is empty.
  • Cart
  • Lists
    Public lists Eva Luna New books Lux_list list_1
    Your lists Log in to create your own lists
  • Log in to your account
  • Your cookies
  • Search history
Southville International School and Colleges
  • Advanced search
  • Recent comments
  • Most popular
  • Libraries

Log in to your account

Log in with GOOGLE


If you do not have an external account, but do have a local account, you can still log in:

  1. Home
  2. MARC view: Adolescent days who are suicidal.
Normal view MARC view ISBD view

Adolescent days who are suicidal. (Record no. 276300)

[ view plain ]
MARC details
000 -LEADER
fixed length control field 00438nam a2200169 a 4500
005 - DATE AND TIME OF LATEST TRANSACTION
control field 20141022142002.0
008 - FIXED-LENGTH DATA ELEMENTS--GENERAL INFORMATION
fixed length control field 110118s19uu xx 00 eng d
020 ## - INTERNATIONAL STANDARD BOOK NUMBER
International Standard Book Number 9781433801198
050 ## - LIBRARY OF CONGRESS CALL NUMBER
Classification number DVD
Item number J58 2008
100 ## - MAIN ENTRY--PERSONAL NAME
Personal name Jobes, David
245 ## - TITLE STATEMENT
Title Adolescent days who are suicidal.
260 ## - PUBLICATION, DISTRIBUTION, ETC. (IMPRINT)
Name of publisher, distributor, etc APA,
Date of publication, distribution, etc 2008.
440 ## - SERIES STATEMENT/ADDED ENTRY--TITLE
Title Series IX-Children and adolescents
650 ## - SUBJECT ADDED ENTRY--TOPICAL TERM
Topical term or geographic name as entry element Adolsecence-Boys.
650 ## - SUBJECT ADDED ENTRY--TOPICAL TERM
Topical term or geographic name as entry element Suicidal .
942 ## - ADDED ENTRY ELEMENTS (KOHA)
Koha item type Audio Visual Materials
Holdings
Withdrawn status Lost status Damaged status Use restrictions Home library Current library Shelving location Date acquired Source of acquisition Cost, normal purchase price Total Checkouts Full call number Barcode Date last seen Price effective from Koha item type
        College Library College Library Audio Visual Material Section 01/18/2011   9396.00   DVD J58 2008 AVM0116 11/11/2014 04/12/2014 Audio Visual Materials

Adolescent days who are suicidal.

APA

Jobes D., . (2008). Adolescent days who are suicidal. : APA.

Chicago

Jobes David, . 2008. Adolescent days who are suicidal. : APA.

Harvard

Jobes D., . (2008). Adolescent days who are suicidal. : APA.

MLA

Jobes David, . Adolescent days who are suicidal. : APA. 2008.

  • Place hold
  • Print
  • Cite
  • Add to your cart (remove)
  • Save record
    BIBTEX Dublin Core MARCXML MARC (non-Unicode/MARC-8) MARC (Unicode/UTF-8) MARC (Unicode/UTF-8, Standard) MODS (XML) RIS
  • More searches
    Search for this title in:
    Other Libraries (WorldCat) Other Databases (Google Scholar) Online Stores (Bookfinder.com) Open Library (openlibrary.org)

Exporting to Dublin Core...

SOUTHVILLE LIBRARY

Southville International School and Colleges Library

1281 Tropical Ave. Cor. Luxembourg St., BF Homes International, Las Pinas City

Tel. No. 8256374 / 252358 Loc. 117/146

Powered by Koha